|
|
|
|
| LEADER |
00000cam a2200000 a 4500 |
| 001 |
71880 |
| 005 |
20230308163143.0 |
| 008 |
000000|1938 ||||||||r|||||||||||spa|| |
| 040 |
|
|
|b spa
|
| 041 |
1 |
|
|a spa
|
| 082 |
0 |
|
|a 517.1
|
| 100 |
1 |
|
|a Thompson, Silvanus páginas:
|9 273911
|
| 245 |
|
|
|a Cálculo infinitesimal al alcance de todos
|c Silvanus P. Thompson; traducido por T. Rodríguez Bachiller
|h imp
|
| 264 |
|
|
|a Buenos Aires
|b s.e.
|c 1938
|
| 300 |
|
|
|a 287 páginas:
|c 20 cm
|
| 504 |
|
|
|a incl. ref.
|
| 650 |
|
|
|a Calculo infinitesimal
|9 12808
|
| 852 |
|
|
|a UC-CDJBV
|c ESTANTERIA CERRADA
|f Compra
|k lucia.mora
|l 1
|m General
|p 00000000
|q 27,00
|r 2
|t 71880
|b 0
|d CDRC
|e CDRC
|g 517.1 ESTANTERIA CERRADA
|z 0000-00-00
|
| 942 |
|
|
|c BK
|
| 999 |
|
|
|c 20659
|d 20659
|